[Event "Belgrade-chT Quality"]
[Site "Belgrade"]
[Date "2021.11.07"]
[Round "8.7"]
[White "Karleusa, Mirko"]
[Black "Popovic, Sava"]
[Result "1/2-1/2"]
[WhiteElo "1943"]
[BlackElo "1905"]
[PlyCount "85"]
[EventDate "2021.10.16"]
[EventType "team-tourn"]
[EventRounds "11"]
[EventCountry "SRB"]
[SourceTitle "EXT 2023"]
[Source "ChessBase"]
[SourceDate "2022.10.05"]
[SourceVersion "1"]
[SourceVersionDate "2022.10.05"]
[SourceQuality "1"]
[WhiteTeam "Belgrade Borca"]
[BlackTeam "Belgrade Zemun Teleoptic"]
[WhiteTeamCountry "SRB"]
[BlackTeamCountry "SRB"]

1. e4 e6 2. d4 d5 3. e5 c5 4. c3 Qb6 5. Nf3 Nc6 6. a3 a5 7. Bd3 Bd7 8. Bc2 Rc8 9. 0-0 cxd4 10. cxd4 Qc7 11. Nc3 Na7 12. Bd3 Ne7 13. Be3 b5 14. Qe2 Qb6 15. Rfc1 g6 16. g4 h5 17. h3 Bh6 18. Kg2 Bxe3 19. fxe3 Rb8 20. Ng5 b4 21. Nd1 hxg4 22. hxg4 Qd8 23. Nf3 Qb6 24. Qf2 Rh7 25. Ng5 Rg7 26. a4 Qd8 27. Nf3 Ng8 28. Rc5 Rc8 29. Rxc8 Nxc8 30. b3 Nh6 31. Kg3 f5 32. exf6 Qxf6 33. Qh2 Nxg4 34. Qh8+ Ke7 35. Rc1 Nd6 36. Rc7 Ne4+ 37. Kg2 Rf7 38. Qh3 Ng5 39. Nxg5 Qxg5 40. Qg3 Rh7 41. Kf3 Nh2+ 42. Kg2 Ng4 43. Nb2 1/2-1/2

[Event "Belgrade-chT Quality"]
[Site "Belgrade"]
[Date "2019.10.31"]
[Round "11.3"]
[White "Karleusa, Mirko"]
[Black "Dimitrijevic, Paul"]
[Result "0-1"]
[WhiteElo "2008"]
[BlackElo "2030"]
[PlyCount "82"]
[EventDate "2019.10.05"]
[EventType "team-tourn"]
[EventRounds "11"]
[EventCountry "SRB"]
[SourceTitle "EXT 2022"]
[Source "ChessBase"]
[SourceDate "2021.10.06"]
[SourceVersion "1"]
[SourceVersionDate "2021.10.06"]
[SourceQuality "1"]
[WhiteTeam "Borca"]
[BlackTeam "NBSK"]
[WhiteTeamCountry "SRB"]
[BlackTeamCountry "SRB"]

1. e4 c5 2. Nf3 Nc6 3. d4 cxd4 4. Nxd4 Nf6 5. Nc3 e6 6. a3 d5 7. exd5 Nxd5 8. Nxd5 Qxd5 9. Be3 Nxd4 10. Qxd4 Qxd4 11. Bxd4 Bd7 12. 0-0-0 a6 13. Be2 Bc6 14. f3 Be7 15. Kb1 0-0 16. c4 Rac8 17. b4 Ba4 18. Rc1 Bg5 19. Rcf1 Rfd8 20. Bc3 Bd2 21. Kb2 Rd7 22. Bd1 Bxc3+ 23. Kxc3 Bb5 24. Bb3 Bxc4 25. Bxc4 Rdc7 26. Rf2 Rxc4+ 27. Kb2 Kf8 28. Rd1 Ke7 29. Rd3 Rd8 30. Rfd2 Rxd3 31. Rxd3 e5 32. g3 f5 33. Rd5 Ke6 34. Rd8 Rc7 35. Re8+ Kd5 36. Rd8+ Kc4 37. Kc2 Re7 38. Rc8+ Kd4 39. Kd2 e4 40. fxe4 Kxe4 41. Ke2 g6 0-1

[Event "Belgrade CupT final"]
[Site "Belgrade"]
[Date "2008.04.13"]
[Round "5"]
[White "Rakic, Teodora"]
[Black "Karleusa, Mirko"]
[Result "1/2-1/2"]
[WhiteElo "1853"]
[BlackElo "2051"]
[PlyCount "21"]
[EventDate "2008.04.09"]
[EventType "team-swiss"]
[EventRounds "5"]
[EventCountry "SRB"]
[SourceTitle "EXT 2023"]
[Source "ChessBase"]
[SourceDate "2022.10.05"]
[SourceVersion "1"]
[SourceVersionDate "2022.10.05"]
[SourceQuality "1"]

1. d4 d5 2. c4 e6 3. Nc3 f5 4. Nf3 Nf6 5. e3 c6 6. Be2 Bd6 7. 0-0 0-0 8. c5 Be7 9. b4 b6 10. Bd2 a5 11. Na4 1/2-1/2

[Event "Belgrade CupT final"]
[Site "Belgrade"]
[Date "2008.04.12"]
[Round "4"]
[White "Karleusa, Mirko"]
[Black "Mrdak, Milomir"]
[Result "1-0"]
[WhiteElo "2051"]
[BlackElo "2055"]
[PlyCount "89"]
[EventDate "2008.04.09"]
[EventType "team-swiss"]
[EventRounds "5"]
[EventCountry "SRB"]
[SourceTitle "EXT 2023"]
[Source "ChessBase"]
[SourceDate "2022.10.05"]
[SourceVersion "1"]
[SourceVersionDate "2022.10.05"]
[SourceQuality "1"]

1. e4 c5 2. Nc3 g6 3. Nf3 Bg7 4. d4 cxd4 5. Nxd4 Nc6 6. Be3 Nf6 7. Be2 0-0 8. f4 d5 9. e5 Ne8 10. Qd2 a5 11. 0-0-0 a4 12. Ndb5 a3 13. b3 e6 14. Bc5 f6 15. Bxf8 Bxf8 16. Nd4 fxe5 17. Nxc6 bxc6 18. fxe5 Qc7 19. Bg4 Qxe5 20. Rde1 Qd6 21. h4 Bg7 22. h5 Nf6 23. Bf3 e5 24. hxg6 hxg6 25. Na4 Bf5 26. Qc3 e4 27. Be2 Nd7 28. Qd2 Qe5 29. c3 Qg3 30. Bd1 Rxa4 31. Re3 Qd6 32. bxa4 Ne5 33. Be2 Qc5 34. g4 Bxg4 35. Bxg4 Nxg4 36. Rg3 Nf2 37. Rhg1 Nd3+ 38. Kc2 Ne5 39. Qd4 Qd6 40. Qa7 c5 41. Qa8+ Bf8 42. Qe8 Kg7 43. Rg5 Be7 44. Rxe5 Qxe5 45. Qxg6+ 1-0